|
|
|
|
| LEADER |
00744nam a22002051i 4500 |
| 001 |
c000021416 |
| 003 |
CARM |
| 005 |
00000000000000.0 |
| 008 |
901024s1919 gw 00010 eng d |
| 019 |
1 |
|
|a 8826717
|5 LACONCORD2021
|
| 035 |
|
|
|a (OCoLC)26649745
|5 LACONCORD2021
|
| 100 |
1 |
|
|a Olberg, Paul.
|
| 245 |
1 |
0 |
|a Briefe aus Sowjet-Russland.
|
| 260 |
|
|
|a Stuttgart :
|b Dietz,
|c 1919.
|
| 300 |
|
|
|a 1 v.
|
| 651 |
|
0 |
|a Soviet Union
|x Description and travel.
|
| 651 |
|
0 |
|a Soviet Union
|x Politics and government
|y 1917-
|
| 852 |
8 |
|
|b CARM
|h A2:AE20G0
|i A00348
|p 0054412
|f BK
|
| 999 |
f |
f |
|i f74413db-fb56-5cf8-b9ea-144f03190bce
|s 3b4fe83a-2e3b-585c-b5fc-8ed50c84a385
|
| 952 |
f |
f |
|p Can circulate
|a CAVAL
|b CAVAL
|c CAVAL
|d CARM 1 Store
|e A00348
|f A2:AE20G0
|h Other scheme
|i book
|m 0054412
|